|
|
|
|
| LEADER |
01788nam a2200301 a 4500 |
| 001 |
GR-Patra25038 |
| 008 |
080407s2001 enk g 000 0 eng d |
| 020 |
|
|
|a 0333947312
|
| 040 |
|
|
|a GrPaTEI
|b gre
|c GR-PaULI
|
| 040 |
|
|
|a GrPaTEI
|b gre
|c GR-PaULI
|
| 082 |
|
0 |
|a 658.4012
|2 21
|
| 100 |
1 |
|
|a Carlock, Randel S.
|
| 245 |
1 |
0 |
|a Strataegic planning for the family business :
|b paraller planning to unify the family and business /
|c Randel S. Carlock and John L. Ward.
|
| 260 |
|
|
|a London :
|b Palgrave,
|c 2001
|
| 300 |
|
|
|a xviiii, 270 σ. :
|b εικ., πίν.
|
| 504 |
|
|
|a Includes bibliography: [p. 259-263] and index
|
| 610 |
2 |
4 |
|a Παράρτημα Αμαλιάδος.
|b Τμήμα Εφαρμογών Πληροφορικής στη Διοίκηση και την Οικονομία
|
| 650 |
|
0 |
|a Businesspeoople
|x Family relationships
|v Handbooks, manuals, etc.
|
| 650 |
|
0 |
|a Family-owned business enterprices
|x Planning
|v Handbooks, manuals, etc.
|
| 650 |
|
4 |
|a Οικογενειακές επιχειρήσεις
|x Σχεδιασμός
|x Εγχειρίδια
|
| 700 |
1 |
|
|a Ward, John L.
|
| 710 |
0 |
|
|a Palgrave
|
| 942 |
|
|
|2 ddc
|
| 952 |
|
|
|0 0
|1 0
|2 ddc
|4 0
|6 658_401200000000000_CAR
|7 0
|9 306461
|a LISK
|b LISK
|c BSC
|d 2021-01-17
|e 24
|f 0
|g 0.00
|l 0
|o 658.4012 CAR
|p 92410038672
|r 2021-01-17 00:00:00
|t 1
|w 2021-01-17
|y BK15
|x 20080407 0 1
|x GrPaTEI
|
| 952 |
|
|
|0 0
|1 0
|2 ddc
|4 0
|6 658_401200000000000_CAR
|7 0
|9 306462
|a LISK
|b LISK
|c BSC
|d 2021-01-17
|e 24
|f 1
|g 0.00
|l 0
|o 658.4012 CAR
|p 92410038673
|r 2021-01-17 00:00:00
|t 1
|w 2021-01-17
|y BK15
|x 20080407 0 1
|x GrPaTEI
|
| 952 |
|
|
|0 0
|1 0
|2 ddc
|4 0
|6 658_401200000000000_CAR
|7 0
|9 306463
|a LISK
|b LISK
|c BSC
|d 2021-01-17
|e 24
|f 0
|g 0.00
|l 0
|o 658.4012 CAR
|p 92410038674
|r 2021-01-17 00:00:00
|t 1
|w 2021-01-17
|y BK15
|x 20080407 0 1
|x GrPaTEI
|
| 971 |
|
|
|a .b26726105
|b 15-04-20
|c 26-09-16
|
| 999 |
|
|
|c 177087
|d 177087
|